000 00674nam a22002411 4500
001 sa 68001013
003 DLC
005 20260227112429.0
008 710903s1967 ii b 00000 eng
010 _asa 68001013
025 _aPL480:I-E-8771
043 _aa-ii---
050 0 _aDS478
_b.D35
082 _a954.03/17
100 1 0 _aDatta, Kalikinkar,
_d1905-
245 1 0 _aReflections on the 'Mutiny.'
260 0 _a[Calcutta]
_bUniversity of Calcutta,
_c1967.
300 _aiv, 82 p.
_c23 cm.
350 _aRs3
440 0 _aAdharchandra Mookerjee lectures,
_v1964
504 _aBibliographical footnotes.
651 0 _aIndia
_xHistory
_ySepoy Rebellion, 1857-1858.
999 _c77636
_d77636